Označenie pôvodu tovaru ako špecifická forma ochrannej známky

História ochranných známok. Najstaršia slovenská ochranná známka - harmanecká labuť. Dlhodobo najhodnotnejšia ochranná známka na svete - Coca-Cola. Ochranné známky na Slovensku. Zákon č. 506/2009 Z. z. o ochranných známkach. Chránené označenie pôvodu tovaru. Situácia na Slovensku. Prehľad registrova...

Celý popis

Uložené v:
Podrobná bibliografia
Hlavný autor: Kardoš, Peter
Ďalší autori: Hutera, Milan
Médium: Kapitola
Jazyk:Slovak
Predmet:
Tagy: Pridať tag
Žiadne tagy, Buďte prvý, kto otaguje tento záznam!

MARC

LEADER 00000naa a2200000 4500
001 0144375
005 20240502072605.0
041 0 |a slo 
044 |a SK 
245 1 0 |a Označenie pôvodu tovaru ako špecifická forma ochrannej známky  |c Peter Kardoš, Milan Hutera 
520 |a História ochranných známok. Najstaršia slovenská ochranná známka - harmanecká labuť. Dlhodobo najhodnotnejšia ochranná známka na svete - Coca-Cola. Ochranné známky na Slovensku. Zákon č. 506/2009 Z. z. o ochranných známkach. Chránené označenie pôvodu tovaru. Situácia na Slovensku. Prehľad registrovaných chránených označení pôvodu a chránených zemepisných označení v SR. 
610 2 0 |a známky ochranné 
610 2 0 |a vlastníctvo duševné 
610 2 0 |a legislatíva 
610 2 0 |a pôvod tovaru 
610 2 0 |a svet 
610 2 0 |a Slovensko 
100 1 |a Kardoš, Peter 
700 1 |a Hutera, Milan